PSG 2025-2026 joueurs et numéros - Statistiques

Statistiques générales
  • Ce quiz a été pris 335 fois
  • Le résultat moyen est 18 sur 23
Statistiques - réponses
Poste Joueur Numéro % Correct
G Lucas Chevalier 30
97%
D Achraf Hakimi 2
93%
G Matveï Safonov 39
89%
D Marquinhos 5
87%
A Ousmane Dembele 10
83%
D Nuno Mendes 25
82%
A Bradley Barcola 29
81%
M Fabián Ruiz 8
81%
A Desiré Doué 14
80%
M Joao Neves 87
80%
A Khvicha Kvaratskhelia 7
80%
M Vitinha 17
80%
A Gonçalo Ramos 9
79%
D Lucas Hernandez 21
79%
D Willian Pacho 51
78%
M Warren Zaïre-Emery 33
77%
D Lucas Beraldo 4
73%
A Ibrahim Mbaye 49
71%
M Senny Mayulu 24
71%
M Lee Kang-In 19
69%
G Renato Marin 89
67%
D Illya Zabarnyi 6
65%
D Noham Kamara 43
37%
Aucun quiz correspondant
Distribution des résultats
% des personnes avec chaque résultat
Percentile par nombre de réponses
Votre historique - résultats
Vous n’avez pas pris ce quiz